000
00271nam a22001097a 4500
008
160621b xxu||||| |||| 00| 0 eng d
100
_9
262
_a
Kane, R, B
245
_a
Meeting Mathematics
260
_a
N.Y
_b
Litton Edu.
_c
1973
300
_a
Meeting Mathematics
942
_2
ddc
_c
BK
999
_c
209
_d
209